An introduction to Gender Studies in Physical Education And Sports (Record no. 215867)

MARC details
000 -LEADER
fixed length control field 00595nam a22002057a 4500
005 - DATE AND TIME OF LATEST TRANSACTION
control field 20260415103852.0
010 ## - LCCN (DPL NO)
LC control number ENG-148273
020 ## - INTERNATIONAL STANDARD BOOK NUMBER
International Standard Book Number 9788194799788
Terms of availability 795.00
035 ## - SYSTEM CONTROL NUMBER
System control number EN-131805
037 ## - SOURCE OF ACQUISITION
Source of stock number/acquisition DBAD
082 ## - DEWEY DECIMAL CLASSIFICATION NUMBER
Edition number 1
100 ## - MAIN ENTRY--PERSONAL NAME
Personal name Mishra,S.R
245 ## - TITLE STATEMENT
Title An introduction to Gender Studies in Physical Education And Sports
Statement of responsibility, etc S.R Mishra
250 ## - EDITION STATEMENT
Edition statement 1
260 ## - PUBLICATION, DISTRIBUTION, ETC. (IMPRINT)
Place of publication, distribution, etc New Delhi
Name of publisher, distributor, etc S.R Mishra
270 ## - ADDRESS
Address 101-103, 4787/23, Ansari Road, Daryaganj
300 ## - PHYSICAL DESCRIPTION
Extent 198.pg
Dimensions 22.5cm(pb)
700 ## - ADDED ENTRY--PERSONAL NAME
Personal name B.Ghosh, S.K Dash
9 (RLIN) 88874
942 ## - ADDED ENTRY ELEMENTS (KOHA)
Source of classification or shelving scheme Dewey Decimal Classification
Item type English Books
Edition 1
Classification part 796.01
Call number suffix pro
Holdings
Withdrawn status Lost status Not for loan Collection code Home library Current library Date acquired Source of acquisition Cost, normal purchase price Full call number Barcode Copy number Cost, replacement price Koha item type
    Not For Loan Non-fiction D.B.Act.Division D.B.Act.Division 15/04/2026 DBAD 795.00 796.01 pro EN-131805 1 795.00 English Books

© Delhi Public Library
Hit Counter
free hit counter